000 00300nam a22001337a 4500
008 171004b xxu||||| |||| 00| 0 eng d
020 _a41012576900002492132
041 _aeng
080 _a159.9
100 _a48
101 _aPSI
245 _aSOCIAL PSYCHOLOGY
_cSCHNEIDER,K.T
942 _2udc
_cBK
999 _c31827
_d31827